Ghibli Movie Images - Sudden Death #1 - Statistics

General Stats
  • This quiz has been taken 2,089 times
  • The average score is 6 of 10
Answers on the Grid
Answers color-coded by a green-red scale on the quiz's grid according to % correct below.
 
Answer Stats
Answer % Correct
My Neighbour Totoro
77%
Spirited Away
70%
Howl's Moving Castle
69%
Porco Rosso
68%
The Boy and the Heron
67%
Arrietty
59%
Castle in the Sky
54%
Princess Mononoke
53%
When Marnie Was There
46%
Pompoko
43%
No matching quizzes found
Score Distribution
Percent of People with Each Score
Percentile by Number Answered
Your Score History
You have not taken this quiz